| 000 | 00329nam a2200121Ia 4500 | ||
|---|---|---|---|
| 008 | 230717s9999 xx 000 0 und d | ||
| 020 | _a0-406-25388-8 | ||
| 041 | _aeng | ||
| 082 |
_a346.043 5 _bJAC |
||
| 100 | _aJackson P | ||
| 245 | _aLaw Of Easements And Profits | ||
| 260 |
_aLondon _bButterworth And Co. (Publishers) Ltd _c1978 |
||
| 999 |
_c671217 _d671217 |
||